00557nam a2200157 a 450000100100000000500170001000800410002702000150006804000250008310000180010824000470012624500950017326000370026830000310030550000630033600003983220201002033747.0130724s1987 ag c 000 0 spa d a9509097721 aDO-SdBNPbspacBNPHU1 aEgerton, John10aGenerations- an american familylEspañol10aArbol genealógico :buna familia america a través de las generaciones /cJohn Egerton. aBuenos Aires :bFraterna,c1987. a425 p. :bretrs. ;c21 cm. aIncluye datos biográficos del autor en la contracubierta